[Event "Ä15Â"]
[Site "Loo"]
[Date "2017.04.24"]
[Round "5.5"]
[White "Ïîãîðåëüñêèõ, Ñîôüÿ."]
[Black "Êóòÿíèíà, Ìàðèÿ."]
[Result "1-0"]
[WhiteElo "1880"]
[BlackElo "1922"]
[PlyCount "116"]
[EventDate "2017.04.20"]

1. e4 c5 2. Nf3 d6 3. d4 cxd4 4. Nxd4 Nf6 5. Nc3 a6 6. Nb3 e5 7. Bg5 Be7 8.
Bxf6 Bxf6 9. Qd3 Be6 10. O-O-O Be7 11. Nd5 Bxd5 12. Qxd5 Nc6 13. Nd2 Qc7 14.
Nc4 Rd8 15. Kb1 b5 16. Ne3 O-O 17. h4 Rc8 18. Be2 Qa7 19. Qd2 Qd4 20. Bg4 Qxd2
21. Rxd2 Rcd8 22. Nd5 g6 23. Nxe7+ Nxe7 24. Rhd1 f5 25. exf5 gxf5 26. Bf3 Rf6
27. b4 Kg7 28. Kb2 d5 29. Be2 Rc6 30. a4 d4 31. axb5 axb5 32. f4 Nd5 33. fxe5
Nxb4 34. Kb3 Nd5 35. Rxd4 Rc3+ 36. Kb2 Rdc8 37. R1d2 Ne3 38. Rd7+ Kf8 39. Bd3
h6 40. Re2 Nd1+ 41. Kc1 Rxd3 42. Rxd3 Nc3 43. Rf2 Ke7 44. Rxf5 Ke6 45. Rf6+
Kxe5 46. Rxh6 Ne2+ 47. Kd2 Nd4 48. Rh5+ Ke4 49. Re3+ Kf4 50. g3+ Kg4 51. Rg5+
Kh3 52. c3 Nb3+ 53. Kc2 Na5 54. g4+ Kxh4 55. Rxb5 Nc4 56. Rh5+ Kxg4 57. Reh3
Kf4 58. R5h4+ Ke5 {äàëåå çàïèñü íåðàçáîð~~èâà} 1-0

[Event "Ä15Â"]
[Site "Loo"]
[Date "2017.04.24"]
[Round "5.6"]
[White "Ôèëèïïîâà, Ìàðãàðèòà."]
[Black "Þðàñîâà, Äàðüÿ."]
[Result "1/2-1/2"]
[WhiteElo "1767"]
[BlackElo "1907"]
[PlyCount "81"]
[EventDate "2017.04.20"]

1. d4 Nf6 2. Nf3 e6 3. Bf4 b6 4. e3 Bb7 5. h3 Be7 6. Bd3 O-O 7. O-O d6 8. Nbd2
Nbd7 9. e4 c5 10. e5 Nd5 11. Bg3 cxd4 12. exd6 Bf6 13. Ne4 e5 14. Re1 Re8 15.
Bb5 a6 16. Nxf6+ N5xf6 17. Bxd7 Bxf3 18. Qxf3 Nxd7 19. c3 dxc3 20. Qxc3 Rc8 21.
Qd3 a5 22. Rad1 Re6 23. a3 Rc6 24. Qb5 Rc5 25. Qb3 Rc6 26. f4 Nc5 27. Qb5 Rcxd6
28. Rxd6 Qxd6 29. Rxe5 Rxe5 30. fxe5 Qd4+ 31. Kh2 Nd7 32. Qc6 h6 33. e6 fxe6
34. Qxe6+ Kh7 35. Bd6 Nf6 36. Qf5+ Kg8 37. Qe6+ Kh7 38. Qf5+ Kg8 39. Qe6+ Kh7
40. Qf5+ Kg8 41. Qe6+ 1/2-1/2

[Event "Ä15Â"]
[Site "Loo"]
[Date "2017.04.24"]
[Round "5.7"]
[White "Ëîñêóòîâà, Âèêòîðèÿ."]
[Black "Áàéáóðèíà, Êàìèëëà."]
[Result "1/2-1/2"]
[WhiteElo "1981"]
[BlackElo "1825"]
[PlyCount "103"]
[EventDate "2017.04.20"]

1. e4 e5 2. d4 exd4 3. Nf3 Nc6 4. Bc4 Nf6 5. e5 d5 6. Bb5 Ne4 7. Nxd4 Bd7 8.
Bxc6 bxc6 9. O-O Bc5 10. f3 Ng5 11. f4 Ne4 12. Be3 Qb8 13. Nd2 Qxb2 14. Nxe4
dxe4 15. f5 Qc3 16. Re1 Rd8 17. e6 Bxe6 18. fxe6 Bxd4 19. Bxd4 Qxd4+ 20. Qxd4
Rxd4 21. Rab1 Ke7 22. exf7 Kxf7 23. Rb7 Rc8 24. Rxa7 Ke6 25. a4 Ke5 26. a5 Rc4
27. a6 Rxc2 28. Rb7 c5 29. a7 Ra8 30. Ra1 e3 31. Rxc7 Kd6 32. Rxg7 Rf8 33. Rf7
Ra8 34. Rxh7 e2 35. Rf7 Ra2 36. Re1 R8xa7 37. Rxa7 Rxa7 38. Rxe2 Kd5 39. g4 c4
40. Kg2 c3 41. Kg3 Kd4 42. h4 Kd3 43. Re8 Rc7 44. h5 c2 45. Re1 c1=Q 46. Rxc1
Rxc1 47. Kf4 Rh1 48. Kg5 Ke4 49. h6 Kf3 50. Kg6 Kxg4 51. h7 Rxh7 52. Kxh7
1/2-1/2

[Event "Ä15Â"]
[Site "Loo"]
[Date "2017.04.24"]
[Round "5.8"]
[White "Âîñêðåñåíñêàÿ, Ìàðòà."]
[Black "Ïèêàëîâà, Ñîôüÿ."]
[Result "1-0"]
[WhiteElo "2009"]
[BlackElo "1800"]
[PlyCount "113"]
[EventDate "2017.04.20"]

1. d4 d5 2. c4 c6 3. Nf3 Nf6 4. Qc2 e6 5. Bg5 Be7 6. cxd5 exd5 7. Nc3 O-O 8. e3
Re8 9. Bd3 g6 10. O-O Nbd7 11. Rab1 a5 12. a3 Ne4 13. Bf4 f5 14. Nxd5 Bf6 15.
Bxe4 fxe4 16. Bg5 Be7 17. Nxe7+ Rxe7 18. Nd2 Qe8 19. Bxe7 Qxe7 20. Qxe4 Qf7 21.
Qc2 Nf6 22. Rfc1 Be6 23. Nf3 Bd5 24. Ne5 Qe6 25. f3 Bb3 26. Qc3 Ne8 27. Nc4 a4
28. Nd2 Ba2 29. Re1 Nd6 30. e4 Nb5 31. Qb4 Bb3 32. d5 Qe5 33. Nxb3 axb3 34.
dxc6 bxc6 35. Qxb3+ Kg7 36. Red1 Ra7 37. Rbc1 Nd4 38. Qc4 Rd7 39. Kh1 Kh6 40.
a4 Qf4 41. Qf1 Qe5 42. Qf2 c5 43. a5 g5 44. Qg3 Qe7 45. Qh3+ Kg6 46. Rxc5 Rc7
47. Rd5 Ne6 48. Qf5+ Kg7 49. h3 h5 50. b4 Qf7 51. Qxf7+ Rxf7 52. Rd7 Kf6 53. a6
Nd4 54. a7 Ne2 55. a8=Q Ng3+ 56. Kh2 h4 57. Rxf7+ 1-0

[Event "Ä15Â"]
[Site "Loo"]
[Date "2017.04.24"]
[Round "5.9"]
[White "Ãèðøãîðí, Ìàðèÿ."]
[Black "Ãåòüìàí, Òàòüÿíà."]
[Result "1/2-1/2"]
[WhiteElo "1813"]
[BlackElo "1972"]
[PlyCount "107"]
[EventDate "2017.04.20"]

1. d4 d5 2. Nf3 Nf6 3. c4 e6 4. g3 Be7 5. Bg2 O-O 6. O-O dxc4 7. Ne5 c5 8. dxc5
Qc7 9. c6 Nxc6 10. Nxc6 bxc6 11. Qa4 Bb7 12. Bf4 e5 13. Bg5 c5 14. Bxf6 Bxf6
15. e4 Qb6 16. Qc2 Rab8 17. Nc3 Rfd8 18. Rfd1 Rd4 19. Rab1 Rbd8 20. Nd5 Bxd5
21. exd5 Qb4 22. Qe2 g6 23. Rbc1 Rxd1+ 24. Rxd1 c3 25. bxc3 Qxc3 26. Qa6 Kg7
27. Qxa7 Qc2 28. Rf1 c4 29. a4 c3 30. a5 Rd6 31. Qc7 Ra6 32. Bh3 Ra8 33. Be6
Rf8 34. d6 Bd8 35. Qa7 Qd2 36. Bb3 Qxd6 37. a6 Qb6 38. Qxb6 Bxb6 39. Rc1 Bd4
40. Bc2 Ra8 41. Ra1 f5 42. Kf1 Kf6 43. f3 g5 44. Ke2 h5 45. Kd3 Rc8 46. a7 Ra8
47. Ra6+ Kg7 48. h3 Rxa7 49. Rxa7+ Bxa7 50. Kxc3 Kf6 51. Kd3 g4 52. fxg4 fxg4
53. hxg4 hxg4 54. Ke4 1/2-1/2

[Event "Ä15Â"]
[Site "Loo"]
[Date "2017.04.24"]
[Round "5.10"]
[White "Òîëêà÷åâà, Àííà."]
[Black "Çàéöåâà, Ëþäìèëà."]
[Result "1/2-1/2"]
[WhiteElo "1656"]
[BlackElo "1953"]
[PlyCount "80"]
[EventDate "2017.04.20"]

1. e4 e6 2. d4 d5 3. Nc3 Nf6 4. e5 Nfd7 5. f4 c5 6. Nf3 Nc6 7. Be3 c4 8. a3 b5
9. g3 Qa5 10. Bg2 Nb6 11. O-O Bd7 12. Qe2 Ne7 13. Na2 h5 14. Bh3 g6 15. Nb4
Nbc8 16. Bd2 Qb6 17. c3 a5 18. Nc2 Na7 19. Ng5 Bh6 20. Qf2 Nf5 21. Bg2 a4 22.
Nb4 Ne7 23. h3 Nac6 24. Nc2 Bxg5 25. fxg5 Rh7 26. h4 O-O-O 27. Bh3 Nf5 28. Rae1
Nce7 29. Kh2 Kb7 30. Kg1 Qc7 31. Bf4 Ng7 32. Kh2 Ne8 33. Re2 Qb6 34. Qe1 Nf5
35. Ref2 Neg7 36. Qd2 Rhh8 37. Qe1 Ka7 38. Qe2 Kb7 39. Qe1 Ka7 40. Qe2 Kb7
1/2-1/2

[Event "Ä15Â"]
[Site "Loo"]
[Date "2017.04.24"]
[Round "5.11"]
[White "Ïîïîâà, Èðèíà."]
[Black "Òèòèåâñêàÿ, Åëèçàâåòà."]
[Result "1-0"]
[WhiteElo "1938"]
[BlackElo "1762"]
[PlyCount "79"]
[EventDate "2017.04.20"]

1. d4 Nf6 2. c4 c5 3. d5 e6 4. Nc3 exd5 5. cxd5 d6 6. e4 g6 7. Bd3 Bg7 8. Nge2
O-O 9. O-O Re8 10. Ng3 a6 11. a4 Nbd7 12. f4 Rb8 13. Qf3 Qc7 14. Be3 c4 15. Bc2
Nc5 16. h3 b5 17. axb5 axb5 18. e5 Nfd7 19. Nce4 Nxe4 20. Nxe4 dxe5 21. d6 Qd8
22. f5 Rf8 23. f6 Bh8 24. Ba7 Rb7 25. b4 cxb3 26. Bxb3 b4 27. Qf2 Rb5 28. Qh4
Bxf6 29. Nxf6+ Nxf6 30. Rxf6 Bf5 31. g4 Ra5 32. Rxa5 Qxa5 33. Qf2 Qa1+ 34. Kh2
Kg7 35. Rxf7+ Rxf7 36. Bxf7 Kxf7 37. gxf5 b3 38. fxg6+ Kxg6 39. d7 Qd1 40. Qb6+
1-0

[Event "Ä15Â"]
[Site "Loo"]
[Date "2017.04.24"]
[Round "5.12"]
[White "Ãóòêîâè÷, Ïîëèíà."]
[Black "Äóáíèêîâà, Àíàñòàñèÿ."]
[Result "0-1"]
[WhiteElo "1952"]
[BlackElo "1697"]
[PlyCount "80"]
[EventDate "2017.04.20"]

1. e4 e6 2. d4 d5 3. exd5 exd5 4. Nf3 Nf6 5. c4 Be7 6. Nc3 O-O 7. Be2 dxc4 8.
Bxc4 Bg4 9. Be3 Nbd7 10. O-O Nb6 11. Be2 c6 12. Qb3 Be6 13. Qc2 Nbd5 14. Ng5
Bc8 15. Rac1 h6 16. Nge4 Re8 17. Bc4 Be6 18. Nxf6+ Bxf6 19. Ne4 Nb6 20. Bxe6
Rxe6 21. Nc5 Re7 22. Rcd1 Nd5 23. Qb3 Qb6 24. Qa3 Rae8 25. Bc1 Kh8 26. Qh3 Kg8
27. Qg4 Kh8 28. Rd3 Qb5 29. Qh3 Kg8 30. Bd2 Bg5 31. Bxg5 hxg5 32. Rdd1 Qxb2 33.
Qg4 Qxa2 34. Qxg5 Nc3 35. Ra1 Qc4 36. h4 b6 37. Na6 Qxd4 38. g3 Re5 39. Rad1
Nxd1 40. Qc1 Nxf2 0-1

[Event "Ä15Â"]
[Site "Loo"]
[Date "2017.04.24"]
[Round "5.13"]
[White "Òóðêî, Àíàñòàñèÿ."]
[Black "Ãàðèôóëëèíà, Ëåÿ."]
[Result "0-1"]
[WhiteElo "1719"]
[BlackElo "2015"]
[PlyCount "90"]
[EventDate "2017.04.20"]

1. d4 Nf6 2. Bg5 Ne4 3. Bc1 d5 4. Nd2 Nf6 5. e3 Bf5 6. Ngf3 e6 7. Bd3 Bg6 8. b3
c5 9. Bxg6 hxg6 10. Bb2 Nc6 11. c4 Qc7 12. Rc1 cxd4 13. exd4 Nb4 14. Qe2 Nxa2
15. Ra1 Nb4 16. Kf1 Nc6 17. Ne5 Be7 18. g3 a6 19. Rc1 Qb6 20. Nxc6 Qxc6 21. c5
Nd7 22. Nf3 Bf6 23. Bc3 a5 24. Ra1 Nxc5 25. b4 Nb3 26. Ra3 Qxc3 27. Qb5+ Kf8
28. Qxb7 Re8 29. Kg2 axb4 30. Ra7 Be7 31. Ne5 Qc8 32. Qb6 Rh5 33. Rb1 Rxe5 34.
Rxb3 Rf5 35. Rc7 Qb8 36. Rb7 Qd6 37. Qa7 Qd8 38. Rb2 Bd6 39. Ra2 Kg8 40. Rd7
Qb8 41. Qa6 Bf8 42. Rb7 Qc8 43. Qb5 Qc4 44. Qa4 Rc8 45. Rb2 Qxd4 0-1

[Event "Ä15Â"]
[Site "Loo"]
[Date "2017.04.24"]
[Round "5.14"]
[White "Êàðåëèíà, Âèêòîðèÿ."]
[Black "Áóðíÿøåâà, Åëåíà."]
[Result "0-1"]
[WhiteElo "1826"]
[BlackElo "1721"]
[PlyCount "58"]
[EventDate "2017.04.20"]

1. e4 c5 2. Nf3 e6 3. d4 cxd4 4. Nxd4 a6 5. Bd3 Bc5 6. Nb3 Be7 7. Qg4 g6 8. O-O
d6 9. Qg3 Nc6 10. c3 Ne5 11. Bc2 Nf6 12. f4 Ned7 13. Be3 Nc5 14. N1d2 O-O 15.
Rad1 Qc7 16. f5 Nh5 17. Qf3 Nd7 18. Qh3 Ne5 19. g4 exf5 20. exf5 Nf6 21. g5 Nh5
22. Qh4 d5 23. f6 Bd6 24. Nf3 Ng4 25. Bc1 Nxh2 26. Nxh2 Bg3 27. Qd4 Bxh2+ 28.
Kg2 Qg3+ 29. Kh1 Qh3 0-1

[Event "Ä15Â"]
[Site "Loo"]
[Date "2017.04.24"]
[Round "5.15"]
[White "Ùåäðîâà, Òàòüÿíà."]
[Black "Ñîñíèíà, Åêàòåðèíà."]
[Result "0-1"]
[WhiteElo "1547"]
[BlackElo "1812"]
[PlyCount "69"]
[EventDate "2017.04.20"]

1. e4 d5 2. exd5 Nf6 3. d4 Bg4 4. f3 Bf5 5. Bb5+ Nbd7 6. Nc3 a6 7. Ba4 b5 8.
Bb3 Nb6 9. Nge2 Nbxd5 10. Nxd5 Nxd5 11. O-O e6 12. Ng3 Bg6 13. f4 Be7 14. f5
exf5 15. Nxf5 Bxf5 16. Rxf5 Nf6 17. Qf3 O-O 18. c3 Qd7 19. Bg5 a5 20. Re1 Rae8
21. Rf1 Bd8 22. Bc2 Re6 23. Qd3 Ne4 24. Bxd8 Qxd8 25. Qh3 Rh6 26. Rh5 Ng5 27.
Qg4 Rxh5 28. Qxh5 g6 29. Qe2 c6 30. h4 Ne6 31. h5 Qg5 32. hxg6 hxg6 33. Bb3 Kg7
34. Qf3 Nf4 35. Qxc6 {äàëåå çàïèñü íåðàçáîð~~èâà} 0-1

[Event "Ä15Â"]
[Site "Loo"]
[Date "2017.04.24"]
[Round "5.16"]
[White "Óñêîâà, Òàèñèÿ."]
[Black "Ïóäàëåâà, Çëàòà."]
[Result "1/2-1/2"]
[WhiteElo "1798"]
[BlackElo "1702"]
[PlyCount "119"]
[EventDate "2017.04.20"]

1. e4 c6 2. d4 d5 3. Nc3 dxe4 4. Nxe4 Bf5 5. Ng3 Bg6 6. Nf3 Nd7 7. Bd3 Bxd3 8.
Qxd3 e6 9. O-O Ngf6 10. Re1 Be7 11. c3 O-O 12. Ne4 Qc7 13. h3 Rfe8 14. Bg5 h6
15. Nxf6+ Nxf6 16. Bh4 Qb6 17. Qc2 Nd5 18. Bg3 c5 19. Be5 Bf6 20. Bxf6 Nxf6 21.
dxc5 Qxc5 22. Rad1 Rad8 23. Nd4 e5 24. Nf3 Rxd1 25. Qxd1 e4 26. Nd4 Qg5 27. Qc1
Qc5 28. Qf4 Kf8 29. Nf5 Qe5 30. Qxe5 Rxe5 31. Nd6 Re6 32. Nxb7 Rb6 33. Nc5 Rxb2
34. a4 Rc2 35. Nxe4 Nxe4 36. Rxe4 Rxc3 37. Rb4 Rc1+ 38. Kh2 Rc7 39. a5 Ke7 40.
h4 Ke6 41. Rb5 Kd6 42. a6 g6 43. h5 g5 44. f4 gxf4 45. Rf5 Ke6 46. Rxf4 Rc6 47.
Ra4 Kd6 48. Rf4 Ke6 49. Ra4 f5 50. Ra5 Kf6 51. Kg3 Kg5 52. Kh2 Rf6 53. Kh3 Kxh5
54. g4+ Kg5 55. Kg3 Kg6 56. gxf5+ Rxf5 57. Rxf5 Kxf5 58. Kh4 Ke5 59. Kh5 Kd6
60. Kxh6 1/2-1/2

[Event "Ä15Â"]
[Site "Loo"]
[Date "2017.04.24"]
[Round "5.17"]
[White "Öâåòêîâà, Âëàäèñëàâà."]
[Black "Ïîäãîðíîâà, Àííà."]
[Result "0-1"]
[WhiteElo "1615"]
[BlackElo "1769"]
[PlyCount "63"]
[EventDate "2017.04.20"]

1. e4 c5 2. Nf3 g6 3. d4 cxd4 4. Nxd4 Nc6 5. Nc3 Bg7 6. Nde2 Nf6 7. g3 b5 8.
Bg2 Rb8 9. O-O O-O 10. h3 d6 11. a4 b4 12. Nd5 Nd7 13. Ra2 e6 14. Ndf4 Qc7 15.
b3 Ba6 16. Bb2 Nde5 17. Nd3 Rbc8 18. f4 Qb6+ 19. Kh1 Nxd3 20. cxd3 Nd4 21. g4
Nxe2 22. Qxe2 Bxb2 23. Rxb2 Qd4 24. Rd1 Rc3 25. Kh2 Rfc8 26. Rdd2 Rxd3 27. Qe1
Rcc3 28. Bf1 Rxb3 29. Bxd3 Rxb2 30. Be2 Qc3 31. Kh1 b3 32. Rxd6 0-1

[Event "Ä15Â"]
[Site "Loo"]
[Date "2017.04.24"]
[Round "5.18"]
[White "Äàâûäîâà, Êèðà."]
[Black "Ñâåòëîâà, Êñåíèÿ."]
[Result "1-0"]
[WhiteElo "1769"]
[BlackElo "1676"]
[PlyCount "107"]
[EventDate "2017.04.20"]

1. d4 Nf6 2. Nf3 g6 3. Bg5 Bg7 4. c3 O-O 5. Nbd2 d6 6. e4 c6 7. Be2 Nbd7 8. O-O
h6 9. Bh4 g5 10. Bg3 Nh5 11. b4 Nxg3 12. hxg3 a5 13. b5 Qc7 14. Rc1 c5 15. Nc4
b6 16. Ne3 e6 17. d5 Nf6 18. Nd2 Qe7 19. Bf3 e5 20. Nf5 Bxf5 21. exf5 Qd7 22.
Nc4 Rab8 23. Qc2 Rfd8 24. a4 Qe7 25. Be4 Nxe4 26. Qxe4 f6 27. f4 Bh8 28. fxg5
fxg5 29. Nb2 Bf6 30. Qg4 Qf7 31. Kf2 h5 32. Qe4 Kg7 33. Rh1 Rh8 34. Rcf1 Kf8
35. g4 h4 36. g3 Ke7 37. gxh4 gxh4 38. Rfg1 Bg5 39. Nc4 Qf6 40. Rh3 Kd7 41. Nb2
Rbe8 42. Nd3 Kc7 43. Ne1 Reg8 44. Nf3 Bf4 45. Ke2 Kb7 46. Ne1 Bg5 47. Nc2 Kc7
48. Rgh1 Rg7 49. Rg1 Rgg8 50. Ne1 Kd7 51. Nd3 Re8 52. Nf2 Kc7 53. Nd3 Rc8 54.
Nf2 {äàëåå çàïèñü íåðàçáîð~~èâà} 1-0

[Event "Ä15Â"]
[Site "Loo"]
[Date "2017.04.24"]
[Round "5.20"]
[White "Åðîõîâà, Âèîëåòòà."]
[Black "Àëèâåðäèåâà, Ýëèíà."]
[Result "1/2-1/2"]
[WhiteElo "1746"]
[BlackElo "1674"]
[PlyCount "102"]
[EventDate "2017.04.20"]

1. e4 c6 2. d4 d5 3. exd5 cxd5 4. Bd3 Nc6 5. c3 Qc7 6. Ne2 Bg4 7. O-O e6 8. Qe1
Bd6 9. f3 Bh5 10. Qh4 Bg6 11. Bxg6 fxg6 12. Nf4 Bxf4 13. Qxf4 Qxf4 14. Bxf4 Nf6
15. Re1 Kf7 16. Na3 a6 17. Re2 b5 18. Nc2 Rac8 19. Ne1 Nd7 20. Nd3 Rce8 21.
Rae1 h6 22. Bg3 g5 23. f4 g4 24. Bh4 h5 25. Nf2 Nf6 26. Bxf6 gxf6 27. Nd3 a5
28. Nc5 Nb8 29. f5 e5 30. Nd3 Nc6 31. dxe5 fxe5 32. Nxe5+ Nxe5 33. Rxe5 Rxe5
34. Rxe5 Rd8 35. f6 Kxf6 36. Rxh5 b4 37. Kf2 bxc3 38. bxc3 a4 39. Ke3 Re8+ 40.
Kd3 Re1 41. Rxd5 Ra1 42. Rd4 g3 43. hxg3 Rxa2 44. g4 a3 45. Ra4 Rxg2 46. Rxa3
Rxg4 47. Ra6+ Ke7 48. c4 Kd7 49. Kc3 Kc7 50. Kb4 Rg5 51. c5 Rg1 1/2-1/2

[Event "Ä15Â"]
[Site "Loo"]
[Date "2017.04.24"]
[Round "5.21"]
[White "Êîíîâà, Ïîëèíà."]
[Black "Áàèøåâà, Íüóðãóéààíà."]
[Result "1-0"]
[WhiteElo "1592"]
[BlackElo "1728"]
[PlyCount "101"]
[EventDate "2017.04.20"]

1. e4 c5 2. c3 Nf6 3. e5 Nd5 4. d4 cxd4 5. cxd4 Nc6 6. Nf3 d6 7. Be2 e6 8. O-O
Be7 9. b3 O-O 10. Bb2 Bd7 11. Re1 Rc8 12. a3 dxe5 13. dxe5 Qc7 14. Nbd2 Rfd8
15. Rc1 a6 16. Bf1 b5 17. b4 Qb6 18. Qb3 a5 19. bxa5 Nxa5 20. Qd3 Bc5 21. Ng5
Bxf2+ 22. Kh1 Bxe1 23. Qxh7+ Kf8 24. Rxe1 Qf2 25. Re2 Qf5 26. Qh4 Qf4 27. Qxf4
Nxf4 28. Rf2 Rc2 29. Rxf4 Rxb2 30. Nde4 Bc6 31. Nxe6+ Ke7 32. Nxd8 Bxe4 33.
Rxe4 Kxd8 34. Kg1 Nc6 35. Re3 Ke7 36. Rc3 Nxe5 37. Rc5 Kd6 38. Rxb5 Ra2 39. Rb3
Ra1 40. h3 Nc4 41. Rf3 f6 42. Rd3+ Ke6 43. Kf2 Rxa3 44. Rxa3 Nxa3 45. Bd3 Kd5
46. Ke3 Ke5 47. g3 Kd5 48. h4 Ke5 49. g4 Kd5 50. Kf4 Kd4 51. Be2 1-0

[Event "Ä15Â"]
[Site "Loo"]
[Date "2017.04.24"]
[Round "5.22"]
[White "Åðøîâà, Ñîôüÿ."]
[Black "Ýôåíäèåâà, Àëèíà."]
[Result "1/2-1/2"]
[WhiteElo "1727"]
[BlackElo "1661"]
[PlyCount "88"]
[EventDate "2017.04.20"]

1. e4 e5 2. Nf3 Nc6 3. Bb5 f5 4. Nc3 fxe4 5. Nxe4 Nf6 6. Nxf6+ Qxf6 7. Bxc6
bxc6 8. Qe2 Be7 9. Qxe5 Qxe5+ 10. Nxe5 O-O 11. O-O Bc5 12. d3 Rf5 13. Nf3 Bb7
14. Be3 Bd6 15. Nd4 Rf6 16. Rae1 a5 17. a4 Ba6 18. Bg5 Rg6 19. Be7 Rb8 20. b3
Bf4 21. Re2 Bb7 22. Rfe1 c5 23. Bxc5 Rxg2+ 24. Kf1 d6 25. Ba7 Rxh2 26. Re8+
Rxe8 27. Rxe8+ Kf7 28. Rb8 Bd5 29. Rb5 Rh5 30. c4 Rh1+ 31. Ke2 Be6 32. Nxe6
Kxe6 33. Rxa5 h5 34. Be3 Bxe3 35. Kxe3 h4 36. Kd4 h3 37. Rh5 h2 38. Rh3 Rb1 39.
Rxh2 Rxb3 40. Ke3 Ra3 41. Rg2 Kf6 42. c5 Rxa4 43. cxd6 cxd6 44. f4 Ra5 1/2-1/2

[Event "Ä15Â"]
[Site "Loo"]
[Date "2017.04.24"]
[Round "5.23"]
[White "Ñóðêîâà, Ñîôüÿ."]
[Black "Çàêóðèíà, Ìàðèÿ."]
[Result "0-1"]
[WhiteElo "1618"]
[BlackElo "1704"]
[PlyCount "120"]
[EventDate "2017.04.20"]

1. e4 e5 2. Bc4 Nf6 3. Nc3 Nc6 4. d3 Na5 5. Nge2 Bc5 6. O-O Nxc4 7. dxc4 O-O 8.
Qd3 c6 9. Bg5 h6 10. Bh4 g5 11. Bg3 Qe7 12. a3 Bb6 13. Rad1 Bc7 14. f3 d6 15.
Bf2 Nh5 16. b4 Re8 17. Kh1 Be6 18. g3 f6 19. c5 dxc5 20. Bxc5 Qf7 21. Qe3 b6
22. Bd6 Rad8 23. Bxc7 Qxc7 24. Rg1 Kh7 25. Rxd8 Rxd8 26. Rd1 Rxd1+ 27. Nxd1 Qd7
28. Qd3 Ng7 29. Qxd7 Bxd7 30. Ne3 Kg6 31. g4 h5 32. h3 h4 33. Kg2 Kf7 34. Nf5
Ne8 35. Nc3 Ke6 36. Kf2 Nd6 37. Nxd6 Kxd6 38. Ke3 Be6 39. Kd3 Bf7 40. Nd1 c5
41. Kc3 cxb4+ 42. Kxb4 Kc6 43. c4 a5+ 44. Kc3 b5 45. cxb5+ Kxb5 46. Ne3 Kc5 47.
a4 Be6 48. Nf5 Bc4 49. Ne3 Be2 50. Nd5 Bxf3 51. Kd3 Bxg4 52. Nxf6 Bxh3 53. Ke3
Be6 54. Nh7 g4 55. Ng5 Kd6 56. Kf2 Bg8 57. Kg2 Ke7 58. Nh3 gxh3+ 59. Kxh3 Bh7
60. Kxh4 Bxe4 0-1

[Event "Ä15Â"]
[Site "Loo"]
[Date "2017.04.24"]
[Round "5.24"]
[White "Êðèêóíîâà, Îëåñÿ."]
[Black "Óñà÷åâà, Ãëàôèðà."]
[Result "1/2-1/2"]
[WhiteElo "1847"]
[BlackElo "1705"]
[PlyCount "105"]
[EventDate "2017.04.20"]

1. Nf3 d5 2. g3 c6 3. Bg2 Nf6 4. O-O Bg4 5. d4 Nbd7 6. Nbd2 e6 7. Re1 Bd6 8. e4
dxe4 9. Nxe4 Nxe4 10. Rxe4 Bf5 11. Re1 O-O 12. c3 h6 13. Qb3 Qb6 14. Nd2 Qxb3
15. Nxb3 Rab8 16. Be3 Nb6 17. Bf1 Na4 18. Re2 Bd3 19. Rd2 Bxf1 20. Kxf1 Nb6 21.
Nc5 Rfd8 22. Ne4 Nc4 23. Re2 Nxe3+ 24. fxe3 Be7 25. Ke1 Rd7 26. Rd1 Rbd8 27.
Rdd2 b6 28. Kd1 Kf8 29. Kc2 a5 30. a3 b5 31. b4 f5 32. Nf2 axb4 33. axb4 Ra7
34. Nd3 Rda8 35. Ne5 Ra2+ 36. Kd3 Rxd2+ 37. Rxd2 Ra6 38. e4 Bd6 39. Rf2 Bxe5
40. dxe5 Ke7 41. exf5 exf5 42. Rxf5 Ke6 43. Rf1 Kxe5 44. Re1+ Kf6 45. Kd4 Kf5
46. Kc5 Kg4 47. Re4+ Kh3 48. Re2 Kg4 49. Re7 g5 50. Rh7 h5 51. h3+ Kxh3 52.
Rxh5+ Kg4 53. Rxg5+ 1/2-1/2

[Event "Ä15Â"]
[Site "Loo"]
[Date "2017.04.24"]
[Round "5.25"]
[White "Ðûáàêîâà, Àíàñòàñèÿ."]
[Black "Ãàðàôóòäèíîâà, Äèàíà."]
[Result "1-0"]
[WhiteElo "1812"]
[BlackElo "1654"]
[PlyCount "41"]
[EventDate "2017.04.20"]

1. d4 Nf6 2. c4 g6 3. Nc3 Bg7 4. e4 d6 5. f3 O-O 6. Be3 Nbd7 7. Qd2 e5 8. d5 a5
9. g4 Nc5 10. O-O-O Bd7 11. Nge2 h5 12. h3 Qe8 13. Rg1 Rd8 14. Bg5 Kh7 15. Ng3
Ng8 16. gxh5 gxh5 17. Nxh5 f6 18. Nxg7 Kxg7 19. Bxf6+ Kf7 20. Rg7+ Kxf6 21.
Qg5# 1-0

[Event "Ä15Â"]
[Site "Loo"]
[Date "2017.04.24"]
[Round "5.26"]
[White "Çåëåíñêàÿ, Àíàñòàñèÿ."]
[Black "Ñû÷, Àëèíà."]
[Result "0-1"]
[WhiteElo "1738"]
[BlackElo "1478"]
[PlyCount "120"]
[EventDate "2017.04.20"]

1. e4 c5 2. Nf3 d6 3. d4 cxd4 4. Nxd4 Nf6 5. Nc3 Nc6 6. Be2 e5 7. Nb3 Be7 8.
O-O O-O 9. Bf3 Be6 10. Be3 a5 11. Re1 a4 12. Nd2 d5 13. exd5 Nxd5 14. Nxd5 Bxd5
15. Bb6 Bxf3 16. Bxd8 Bxd1 17. Bxe7 Rfe8 18. Raxd1 Rxe7 19. Nc4 b5 20. Nd6 Rb8
21. Rd5 Rd7 22. c3 Rbd8 23. Red1 Kf8 24. Kf1 Ne7 25. R5d2 Nc8 26. Ne4 Rxd2 27.
Rxd2 Rxd2 28. Nxd2 Nd6 29. Ke2 Ke7 30. Kd3 f5 31. c4 Nxc4 32. Nxc4 bxc4+ 33.
Kxc4 Kd6 34. b4 axb3 35. axb3 e4 36. Kd4 g5 37. b4 h5 38. b5 h4 39. h3 g4 40.
b6 f4 41. b7 Kc7 42. hxg4 f3 43. gxf3 h3 44. fxe4 h2 45. f4 h1=Q 46. g5 Qa1+
47. Kd5 Qa2+ 48. Ke5 Qb2+ 49. Ke6 Qxb7 50. e5 Kd8 51. g6 Qe7+ 52. Kd5 Qg7 53.
Ke6 Qd7+ 54. Kf6 Qe7+ 55. Kf5 Qg7 56. Kg5 Ke7 57. f5 Qxe5 58. Kh6 Qxf5 59. g7
Qg4 60. Kh7 Kf7 0-1

[Event "Ä15Â"]
[Site "Loo"]
[Date "2017.04.24"]
[Round "5.27"]
[White "Àðòþõîâà, Åëèçàâåòà."]
[Black "Áàíäóðèíà, Ñîôèÿ."]
[Result "1-0"]
[WhiteElo "1688"]
[BlackElo "1717"]
[PlyCount "67"]
[EventDate "2017.04.20"]

1. c4 Nf6 2. Nc3 g6 3. g3 Bg7 4. Bg2 O-O 5. Nf3 d6 6. O-O e5 7. d3 Nc6 8. a3
Nd7 9. Qc2 f5 10. Bg5 Nf6 11. Nd5 Ne7 12. Nxf6+ Bxf6 13. Bxf6 Rxf6 14. b4 f4
15. Ng5 Nf5 16. Bd5+ Kg7 17. Nf3 fxg3 18. hxg3 Ne7 19. Be4 c6 20. Nd2 Nf5 21.
e3 g5 22. Kg2 g4 23. Bxf5 Bxf5 24. Ne4 Rh6 25. Rh1 Rxh1 26. Rxh1 d5 27. Nc5 b6
28. e4 bxc5 29. exf5 cxb4 30. axb4 Qe7 31. Qe2 Qxb4 32. Qxe5+ Kg8 33. Qe6+ Kh8
34. Qf7 1-0

[Event "Ä15Â"]
[Site "Loo"]
[Date "2017.04.24"]
[Round "5.28"]
[White "Òåðåøå÷êèíà, Òàèñèÿ."]
[Black "Ñòàðîñòèíà, Àëåêñàíäðà."]
[Result "1-0"]
[WhiteElo "1711"]
[BlackElo "1603"]
[PlyCount "77"]
[EventDate "2017.04.20"]

1. d4 d5 2. g3 Nf6 3. Bg2 Bf5 4. Nf3 e6 5. O-O Nbd7 6. c4 c6 7. Nc3 dxc4 8. Nh4
Bg6 9. Nxg6 hxg6 10. a4 Nd5 11. e4 Nb4 12. Qe2 Nd3 13. Be3 Bb4 14. Na2 Qa5 15.
Qc2 Qa6 16. b3 cxb3 17. Qxb3 c5 18. Rfd1 c4 19. Nxb4 Qd6 20. Qxc4 Nxb4 21. Rab1
a5 22. e5 Qb8 23. Qb5 Ra6 24. d5 exd5 25. Bxd5 Nxd5 26. Qxd5 Nxe5 27. Rxb7 Qc8
28. Qxe5+ Re6 29. Qb5+ Qc6 30. Qxc6+ Rxc6 31. Rb8+ Ke7 32. Rxh8 Rc4 33. Rh4 Rc6
34. Rhd4 Ke6 35. Bf4 Kf5 36. f3 Rc2 37. Re1 Ra2 38. g4+ Kf6 39. Rd6# 1-0

[Event "Ä15Â"]
[Site "Loo"]
[Date "2017.04.24"]
[Round "5.29"]
[White "Ãðóáîâà, Ñîôèÿ."]
[Black "Àëôåðîâà, Ïîëèíà."]
[Result "0-1"]
[WhiteElo "1650"]
[BlackElo "1712"]
[PlyCount "110"]
[EventDate "2017.04.20"]

1. e4 c6 2. d4 d5 3. f3 g6 4. Nc3 Bg7 5. Be3 dxe4 6. Nxe4 Nh6 7. Ne2 Nf5 8. Bf2
Nd7 9. Qd3 Qa5+ 10. N2c3 b5 11. g4 Nh6 12. Qd2 f5 13. Ng5 Nf6 14. h3 Nf7 15.
Nxf7 Kxf7 16. Bd3 e6 17. O-O Re8 18. Rad1 Qc7 19. Kg2 Bb7 20. Bg3 Qb6 21. Qf2
Rad8 22. Rfe1 Qxd4 23. Qxd4 Rxd4 24. Bf2 Rd7 25. Nxb5 Rxd3 26. Rxd3 cxb5 27.
gxf5 gxf5 28. Bg3 Rc8 29. c3 Bd5 30. b3 Nh5 31. Rc1 Nxg3 32. Kxg3 Be5+ 33. f4
Rg8+ 34. Kf2 Bxf4 35. Rg1 Rxg1 36. Kxg1 Kf6 37. Kf2 Ke5 38. Rd1 h6 39. Rd4 Bc6
40. a4 bxa4 41. bxa4 Bh2 42. Rh4 Kd6 43. a5 Be5 44. Rxh6 Bxc3 45. Rh7 Bxa5 46.
h4 Bc3 47. h5 a5 48. Ke2 a4 49. Ra7 Bd4 50. Rf7 a3 51. h6 a2 52. Rf8 a1=Q 53.
h7 Qb2+ 54. Kd1 Bf3+ 55. Ke1 Qe2# 0-1

[Event "Ä15Â"]
[Site "Loo"]
[Date "2017.04.24"]
[Round "5.30"]
[White "Àáäóëêåðèìîâà, Ìàäèíà."]
[Black "Êîêàåâà, Àíàñòàñèÿ."]
[Result "1-0"]
[WhiteElo "1400"]
[BlackElo "1424"]
[PlyCount "114"]
[EventDate "2017.04.20"]

1. e4 c6 2. Nf3 d5 3. e5 Bf5 4. d4 e6 5. Bd3 Bxd3 6. Qxd3 Qb6 7. O-O Qa6 8. Qb3
Nd7 9. Nh4 c5 10. c3 Ne7 11. f4 Nc6 12. Be3 Be7 13. Nf3 O-O 14. Nbd2 Rac8 15.
Kh1 b6 16. Bf2 cxd4 17. cxd4 Na5 18. Qe3 Nc4 19. Qd3 Qb7 20. b3 Nxd2 21. Nxd2
Bb4 22. Bh4 Rc3 23. Qb5 Qc6 24. Qxb4 a5 25. Qd6 Qb7 26. f5 Rc6 27. Qa3 Rfc8 28.
fxe6 fxe6 29. Rac1 Rc2 30. Nf3 Qa6 31. Ng1 Qd3 32. Rxc2 Rxc2 33. Rf2 Rxf2 34.
Bxf2 Qd2 35. Nh3 Qd1+ 36. Bg1 Qd2 37. Qe7 Nf8 38. Ng5 Qf4 39. Nxe6 Qf7 40.
Qxf7+ Kxf7 41. Nxf8 Kxf8 42. Be3 Ke7 43. Bd2 Ke6 44. g4 g6 45. h4 Kd7 46. Kg2
Kc6 47. h5 gxh5 48. gxh5 Kd7 49. Kf3 Ke7 50. Kf4 Kf7 51. Kf5 Ke7 52. e6 Ke8 53.
Kf6 Kf8 54. Bh6+ Ke8 55. e7 b5 56. a4 bxa4 57. bxa4 Kd7 1-0